| 000 | 00375 a2200145 4500 | ||
|---|---|---|---|
| 003 | Nust | ||
| 005 | 20170207171534.0 | ||
| 040 | _cNust | ||
| 082 | _a006 | ||
| 100 | _aGlenstrup, Arne John | ||
| 245 |
_aOptimised design and analysis of all-optical networks (EBOOK) _cArne John Glenstrup |
||
| 260 |
_aDenmark _bTele Danmark _c2002 |
||
| 300 | _a304 P. | ||
| 650 | _aOptical networks | ||
| 942 |
_2ddc _cBK |
||
| 999 |
_c217153 _d217153 |
||